African Countries With the Highest Median Age - Statistics

General Stats
  • This quiz has been taken 19 times
  • The average score is 12 of 15
Answer Stats
Median age (in years) Answer % Correct
28.61 Algeria
94%
24.48 Egypt
94%
29.83 Morocco
94%
32.94 Tunisia
94%
27.72 Libya
88%
37.82 Mauritius
88%
28.7 South Africa
88%
23.45 Botswana
82%
21.35 Ghana
82%
34.27 Seychelles
82%
22.47 Eswatini
76%
21.85 Lesotho
76%
28.97 Cabo Verde
71%
21.52 Gabon
59%
24.91 Djibouti
53%
No matching quizzes found
Score Distribution
Percent of People with Each Score
Percentile by Number Answered
Your Score History
You have not taken this quiz